Ahmedabad; (Record no. 69369)

MARC details
000 -LEADER
fixed length control field 02592nam a22003137a 4500
005 - DATE AND TIME OF LATEST TRANSACTION
control field 20120827144210.0
010 ## - LCCN (DPL NO)
LC control number B-462167-2176
020 ## - INTERNATIONAL STANDARD BOOK NUMBER
International Standard Book Number 9780143415787
Terms of availability 450.00
035 ## - SYSTEM CONTROL NUMBER
System control number B-462167-2176
037 ## - SOURCE OF ACQUISITION
Stock number dpl
Source of stock number/acquisition Allied Pub/Ven
082 ## - DEWEY DECIMAL CLASSIFICATION NUMBER
Classification number 954.43
100 ## - MAIN ENTRY--PERSONAL NAME
Personal name Yagnik, Achyut
245 ## - TITLE STATEMENT
Title Ahmedabad;
Statement of responsibility, etc by
Remainder of title from Royal City to Megacity/
260 ## - PUBLICATION, DISTRIBUTION, ETC. (IMPRINT)
Place of publication, distribution, etc New Delhi
Name of publisher, distributor, etc Penguin Books
Date of publication, distribution, etc 2008
270 ## - ADDRESS
Address 11 Community centre Panchsheel park
City New delhi
300 ## - PHYSICAL DESCRIPTION
Extent 237p.
Dimensions 18cm.
942 ## - ADDED ENTRY ELEMENTS (KOHA)
Source of classification or shelving scheme Dewey Decimal Classification
Item type English Books
Call number suffix GHO
Classification part 954.43
Holdings
Withdrawn status Lost status Not for loan Collection code Home library Current library Date acquired Source of acquisition Cost, normal purchase price Full call number Barcode Copy number Cost, replacement price Koha item type
      Non-fiction Central Library Central Library 06/09/2012 Allied Pub/DE/2011/CR/0001864/03.02.12/27/18.01.12/10.02.12 450.00 954.43 GHO B-462167 1 450.00 English Books
      Non-fiction Janak Puri Janak Puri 06/09/2012 Allied Pub/DE/2011/CR/0001864/03.02.12/27/18.01.12/10.02.12 450.00 954.43 GHO B-462169 1 450.00 English Books
      Non-fiction Karol Bagh Karol Bagh 06/09/2012 Allied Pub/DE/2011/CR/0001864/03.02.12/27/18.01.12/10.02.12 450.00 954.43 GHO B-462174 1 450.00 English Books
      Non-fiction Narela Narela 06/09/2012 Allied Pub/DE/2011/CR/0001864/03.02.12/27/18.01.12/10.02.12 450.00 954.43 GHO B-462175 1 450.00 English Books
      Non-fiction Patel Nagar Patel Nagar 06/09/2012 Allied Pub/DE/2011/CR/0001864/03.02.12/27/18.01.12/10.02.12 450.00 954.43 GHO B-462168 1 450.00 English Books
      Non-fiction R.K.Puram-8 R.K.Puram-8 06/09/2012 Allied Pub/DE/2011/CR/0001864/03.02.12/27/18.01.12/10.02.12 450.00 954.43 GHO B-462171 1 450.00 English Books
      Non-fiction Sarojini Nagar Sarojini Nagar 06/09/2012 Allied Pub/DE/2011/CR/0001864/03.02.12/27/18.01.12/10.02.12 450.00 954.43 GHO B-462170 1 450.00 English Books
  Written-off vide DLB M. No. 383 dt 16.05.19   Non-fiction Shahdara Branch Shahdara Branch 06/09/2012 Allied Pub/DE/2011/CR/0001864/03.02.12/27/18.01.12/10.02.12 450.00 954.43 GHO B-462176 1 450.00 English Books
      Non-fiction Sriniwas Puri Sriniwas Puri 06/09/2012 Allied Pub/DE/2011/CR/0001864/03.02.12/27/18.01.12/10.02.12 450.00 954.43 GHO B-462172 1 450.00 English Books
      Non-fiction Vinoba Puri Vinoba Puri 06/09/2012 Allied Pub/DE/2011/CR/0001864/03.02.12/27/18.01.12/10.02.12 450.00 954.43 GHO B-462173 1 450.00 English Books

© Delhi Public Library
Hit Counter
free hit counter